000 00315nam a2200133Ia 4500
008 240624s9999 xx 000 0 und d
041 _aeng
082 _a153.4 LEV
100 _aLEVITIN DANIEL
245 _aORGANIZED MIND
260 _c2014
_aIndia
_bPenguin
300 _aKshatriya , 496 p.; 20 cm.
365 _cRS
999 _c25386
_d25386